000 01682nam0a2200349 i 4500
001 RU\NLR\BIBL_A\010507165
005 20260406152457.0
010 _a9785988660439
_9500
021 _aRU
_b2014-59400
_93605
035 _a(NILC)RuMoRGB-007534426
035 _a(NLR Aleph) 010507165
090 _a10161428
_c10161428
100 _a20141022d2014 u y0rusy50 ca
101 0 _arus
102 _aRU
105 _aach|z||||00yb
200 1 _aТри биографии Владимира Вернадского
_fГ. П. Аксенов
_gАрхив Рос. акад. наук, Ин-т истории и науки и техники им. С. И. Вавилова, Неправительственный эколог. фонд им. В. И. Вернадского
210 _aМосква
_c[б. и.]
_d2014
215 _a163 с.
_cил., портр., цв. ил., факс.
_d21
300 _aНа 4-й с. обл. авт.: Г. П. Аксенов, к.г.н.
320 _aДр. кн. авт. на 4-й с. обл.
600 1 _aВернадский
_bВ.И.
_f1863 - 1945
_gВладимир Иванович
_91241500
_3RU\NLR\AUTH\66189897
686 1 _aД3д(2)Вернадский
686 1 _aБ.д(2)Вернадский
700 1 _8rus
_7ca
_aАксенов
_bГ. П.
_cканд. геогр. наук
_f1940-
_gГеннадий Петрович
_3RU\NLR\AUTH\776169
_9116124
702 1 _4570
_8rus
_7ca
_aВернадский
_bВ. И.
_f1863-1945
_gВладимир Иванович
_3RU\NLR\AUTH\775962
_9115918
801 0 _aRU
_bРГБ
_c20140813
_gRCR
801 1 _aRU
_bРГБ
_c20140813
_2rusmarc
942 _cBOOK
980 _aNBR